00397nam a2200157Ia 45000010006000000050017000060080041000230410008000640820015000721000046000872450047001332600009001803000034001896500008002236540008002312036920260306172801.0260306t2003||||xx |||||||||||||| ||spa|| aESP a343.2bV66 aVillacorta Michelena, Alberto, 1963-eAUT 0aLos límites de la reforma constitucional c2003 aviii, 297 páginas :c21 cm. aGEN aCDE